The Panama Canal ... (Record no. 552657)
[ view plain ]
| 000 -LEADER | |
|---|---|
| fixed length control field | 00423cam a22001331 4500 |
| 082 ## - DEWEY DECIMAL CLASSIFICATION NUMBER | |
| Classification number | 386.44 |
| Author Mark | HAS |
| 100 1# - MAIN ENTRY--PERSONAL NAME | |
| Personal name | Haskin, Frederic Jennings, |
| 9 (RLIN) | 49918 |
| 245 14 - TITLE STATEMENT | |
| Title | The Panama Canal ... |
| 260 ## - PUBLICATION, DISTRIBUTION, ETC. | |
| Place of publication, distribution, etc. | Garden City, N. Y. : |
| Name of publisher, distributor, etc. | Doubleday, Page & company, |
| Date of publication, distribution, etc. | 1913. |
| 300 ## - PHYSICAL DESCRIPTION | |
| Extent | x, 386 p. : |
| Other physical details | fold. col. front., illus., plates, ports. ; |
| Dimensions | 21 cm. |
| 526 ## - STUDY PROGRAM INFORMATION NOTE | |
| Program name | 0 |
| Interest level | 0 |
| Reading level | 0 |
| Title point value | 386_440000000000000_HAS |
| 650 ## - SUBJECT ADDED ENTRY--TOPICAL TERM | |
| Topical term or geographic name entry element | MCE |
| 9 (RLIN) | 379 |
| 942 ## - ADDED ENTRY ELEMENTS (KOHA) | |
| Source of classification or shelving scheme | |
| Koha item type | Book |
| Withdrawn status | Lost status | Source of classification or shelving scheme | Damaged status | Not for loan | Permanent Location | Current Location | Shelving location | Date acquired | Total Checkouts | Full call number | Barcode | Date last seen | Price effective from | Koha item type |
|---|---|---|---|---|---|---|---|---|---|---|---|---|---|---|
| Military College of Engineering (MCE) | Military College of Engineering (MCE) | 01/20/2015 | 386.44 HAS | MCE-ECP/38 | 01/20/2015 | 01/20/2015 | Book |
